| 000 | 00417 a2200109 4500 | ||
|---|---|---|---|
| 001 | ART_52961 | ||
| 005 | 20260410161811.0 | ||
| 008 | 260409a | ||
| 245 | 1 | 0 | _aEl desprecio del derecho por los hechos económicos y las pautas de regulación de los honorarios del síndico en el avenimiento |
| 100 | 1 | _aFerro, Carlos A. | |
| 773 | 0 |
_tDoctrina Societaria y Concursal _g- Nº 405 (ago. 2021) _wREV4298 |
|
| 999 |
_c21443 _d21443 |
||